Bài tập luyện thi đại học bằng phương pháp trắc nghiệm Môn vật lí Tóm tắt lí thuyết và bài tập
Đã lưu trong:
| Định dạng: | Sách |
|---|---|
| Ngôn ngữ: | Undetermined |
| Được phát hành: |
Tp. HCM.
Nxb. Tp. HCM.
2001
|
| Những chủ đề: | |
| Các nhãn: |
Thêm thẻ
Không có thẻ, Là người đầu tiên thẻ bản ghi này!
|
| Thư viện lưu trữ: | Trung tâm Học liệu Trường Đại học Cần Thơ |
|---|
| LEADER | 00548nam a2200157Ia 4500 | ||
|---|---|---|---|
| 001 | CTU_47347 | ||
| 008 | 210402s9999 xx 000 0 und d | ||
| 082 | |a 530.076 | ||
| 082 | |b B103/2001 | ||
| 245 | 0 | |a Bài tập luyện thi đại học bằng phương pháp trắc nghiệm Môn vật lí | |
| 245 | 0 | |b Tóm tắt lí thuyết và bài tập | |
| 260 | |a Tp. HCM. | ||
| 260 | |b Nxb. Tp. HCM. | ||
| 260 | |c 2001 | ||
| 650 | |a physics - problems, exercises ... | ||
| 980 | |a Trung tâm Học liệu Trường Đại học Cần Thơ | ||